Metodika vyučovania dejepisu na národnej škole učebný text pre III. ročník pedagogických škôl

Bibliographic Details
Main Authors: Čondl, Karel, 1900-1977 (Author), Dřevo, Václav, 1901-1968 (Author), Goláň, Karol, 1895-1961 (Adapter, Translator)
Format: Book
Language:Slovak
Czech
PhysicalDescription:90, [3] s. ilustrácie 8°
Published: Bratislava Slovenské pedagogické nakladateľstvo 1956
Subjects:

MARC

LEADER 00000cam a2200000 a 4500
001 vtls008335272
003 SK-MaSNL
005 20260302041355.0
008 200316s1956 xo a jrp 000 0 slo
015 |a SNBA1956/10-01321 
035 |a SK01SNK19560027489 
035 |a urn:nbn:sk:snk-am3i3lx 
035 |a 52B3B1C4-3EB4-4840-86D7-3DB77C54CBA4 
035 |a urn:nbn:sk:snk-am00diqf 
035 |a SKM000029952 
040 |a SNK  |b slo  |c SNK  |e AACR2 
041 1 |a slo  |h cze 
044 |a xo  |c SK 
080 |a 371.3:93/99(075.3)  |2 1981 
080 |a 93/99(075.3)  |2 1981 
100 1 |a Čondl, Karel,  |d 1900-1977  |4 aut  |9 125698 
240 1 0 |a Metodika vyučování dějepisu na národních školách  |l Slovensky 
245 1 0 |a Metodika vyučovania dejepisu na národnej škole  |b učebný text pre III. ročník pedagogických škôl  |c Karel Čondl, Václav Dřevo ; z čes. orig. Metodika vyučování dějepisu na národních školách prel. a podľa slov. učeb. uprav. Karol Goláň 
260 |a Bratislava  |b Slovenské pedagogické nakladateľstvo  |c 1956  |e Bratislava  |f Polygrafické závody 
300 |a 90, [3] s.  |b ilustrácie  |c 8° 
366 |e 4000 kusov 
500 |a Poznámky 
650 0 7 |a dejepis  |2 SNKPH  |9 4288 
650 0 7 |a vyučovacie metódy  |2 SNKPH  |9 1521 
655 7 |a učebnice  |2 SNKPH  |9 22521 
655 7 |a učebnice pedagogických škôl  |2 SNK  |9 307434 
655 7 |a metodické príručky  |2 SNKPH  |9 70250 
700 1 |a Dřevo, Václav,  |d 1901-1968  |4 aut  |9 85902 
700 1 |a Goláň, Karol,  |d 1895-1961  |4 trl  |4 adp  |9 108099 
958 |a TL 
958 |a RK 
958 |a UC 
958 |a OP 
958 |a CZ 
999 |c 1078563  |d 1080493 
952 |a SNK  |b SNK  |y VYP  |7 0  |p 17A1349070  |o snkSC 8476 D1  |i snkKSP 2959/56  |0 0  |1 0  |4 0  |d 2023-11-09  |l 0  |r 2026-02-24 16:17:49  |w 2026-02-24 
952 |a SNK  |b SNK  |y PREZ  |7 0  |p 17A1314955  |o snkSC 8476  |i snkKSP 2958/56  |0 0  |1 0  |4 0  |d 2019-07-15  |f 1  |l 0  |r 2025-07-09 00:00:00  |w 2026-02-24